000 00413nam a2200133Ia 4500
008 181023s9999 xx 000 0 und d
020 _a9781119122098
100 _aBullock, Chester.
245 _cChester Bullock, Mark Pollard.--
_aSalesforce marketing cloud for dummies /
260 _aUSA :
_bJohn Wiley & Sons
_c2018
300 _axii, 344 pages.
650 _aCloud computing.
650 _aInternet marketing.
999 _c359391
_d359391